00529nam a2200157Ia 450000500170000000800410001702000180005804000160007608200130009210000410010524500800014626000540022630000140028054600120029465000650030620250415121559.0231207s9999 xx 000 0 und d a9780738708249 cNCA Library a292bPAG aAngeles, Ly De (Editor) ... [et al.] 0aPagan visions for a sustainable futurecEdited by Ly De Angeles... [et al.] bLlewellyn PublicationsaWoodbury, Minnesotac2005 axxi, 282p aEnglish aPaganism, Religious ethics, Human ecology--Religious aspects